| 000 | 00489nam a22001817a 4500 | ||
|---|---|---|---|
| 005 | 20180410145341.0 | ||
| 010 | _aENG-122602 | ||
| 020 |
_a9789385755293 _c499.00 |
||
| 035 | _aEN-106134 | ||
| 037 | _bDBAD/PUB | ||
| 082 | _aN | ||
| 100 | _aPinto,Jerry | ||
| 245 |
_aMurder in mahim / _cbyJerry Pinto |
||
| 260 |
_c2017 _aNew Delhi _bSpeaking Tiger Publishing |
||
| 270 |
_a483/4,Ansari Road,Daryaganj, _bNew Delhi _e110002 |
||
| 300 |
_c21cm(Hb) _a232p. |
||
| 942 |
_cEN _2ddc _mPIN _hN |
||
| 999 |
_c150970 _d150970 |
||